Tour de France 2018-Classement général - Statistiques

Statistiques générales
  • Ce quiz a été pris 197 fois
  • Le résultat moyen est 12 sur 15
Statistiques - réponses
Rang Nationalité Équipe Nom Écart % Correct
1 Royaume-Uni Sky Thomas 83h 17min 13s
99%
3 Royaume-Uni Sky Froome + 2min 24s
98%
6 France AG2R Bardet + 6min 57s
97%
4 Slovénie Lotto-Jumbo Roglic + 3min 22s
96%
10 Colombie Movistar Quintana + 14min 18s
95%
2 Pays-Bas Sunweb Dumoulin + 1min 51s
91%
8 Irlande UAE Martin + 9min 05s
87%
14 Espagne Movistar Valverde + 27min 26s
87%
15 Colombie Sky Bernal + 27min 52s
76%
7 Espagne Movistar Landa + 7min 37s
75%
11 Luxembourg Quick-Step Jungels + 16min 32s
63%
5 Pays-Bas Lotto-Jumbo Kruijswijk + 6min 08s
61%
9 Russie Katusha Zakarin + 12min 37s
60%
12 Danemark Astana Fuglsang + 19min 46s
55%
13 France AG2R Latour + 22min 13s
46%
Aucun quiz correspondant
Distribution des résultats
% des personnes avec chaque résultat
Percentile par nombre de réponses
Votre historique - résultats
Vous n’avez pas pris ce quiz